Statistics for Countries of Asia in 1900

Click here to take the quiz!

General Stats

  • This quiz has been taken 47,425 times
  • The average score is 9 of 13

Answers on the Map

Answers color-coded by a green-red scale on the quiz's map according to % correct below.
 

Answer Stats

Country% Correct
Qing Empire
99%
Japanese Empire
98%
Russian Empire
98%
Korea
96%
Persia
95%
Nepal
94%
Siam
92%
Bhutan
85%
Ottoman Empire
83%
Aceh
11%
Aden
10%
Jabal Shammar
6%
Champasak
2%

Score Distribution

Percentile by Number Answered

Percent of People with Each Score

Your Score History

You have not taken this quiz